In the presence of the enemy / (Record no. 533464)
[ view plain ]
| 000 -LEADER | |
|---|---|
| fixed length control field | 01350cam a2200373 a 4500 |
| 001 - CONTROL NUMBER | |
| control field | 15335207 |
| 003 - CONTROL NUMBER IDENTIFIER | |
| control field | Nust |
| 005 - DATE AND TIME OF LATEST TRANSACTION | |
| control field | 20200106122202.0 |
| 008 - FIXED-LENGTH DATA ELEMENTS--GENERAL INFORMATION | |
| fixed length control field | 080618r20081996nyu 000 1 eng |
| 010 ## - LIBRARY OF CONGRESS CONTROL NUMBER | |
| LC control number | 2008274255 |
| 020 ## - INTERNATIONAL STANDARD BOOK NUMBER | |
| International Standard Book Number | 9780340831434 ( pbk.) |
| 038 ## - RECORD CONTENT LICENSOR | |
| Staff Name | MSOHAIL |
| 040 ## - CATALOGING SOURCE | |
| Original cataloging agency | DLC |
| Transcribing agency | DLC |
| Modifying agency | DLC |
| 043 ## - GEOGRAPHIC AREA CODE | |
| Geographic area code | e-uk-en |
| 050 00 - LIBRARY OF CONGRESS CALL NUMBER | |
| Classification number | PS3557.E478 |
| Item number | I5 2008 |
| 082 00 - DEWEY DECIMAL CLASSIFICATION NUMBER | |
| Classification number | 813.54 |
| Author Mark | GEO |
| 100 1# - MAIN ENTRY--PERSONAL NAME | |
| Personal name | George, Elizabeth, |
| Dates associated with a name | 1949- |
| 9 (RLIN) | 14292 |
| 245 10 - TITLE STATEMENT | |
| Title | In the presence of the enemy / |
| Statement of responsibility, etc. | Elizabeth George. |
| 250 ## - EDITION STATEMENT | |
| Edition statement | Bantam trade pbk. ed. |
| 260 ## - PUBLICATION, DISTRIBUTION, ETC. | |
| Place of publication, distribution, etc. | New York : |
| Name of publisher, distributor, etc. | Bantam Books, |
| Date of publication, distribution, etc. | 2008. |
| 300 ## - PHYSICAL DESCRIPTION | |
| Extent | 636 p. ; |
| Dimensions | 21 cm. |
| 600 10 - SUBJECT ADDED ENTRY--PERSONAL NAME | |
| Personal name | Lynley, Thomas |
| Form subdivision | Fiction. |
| 9 (RLIN) | 14293 |
| 610 10 - SUBJECT ADDED ENTRY--CORPORATE NAME | |
| Corporate name or jurisdiction name as entry element | Great Britain. |
| Subordinate unit | Metropolitan Police Office. |
| -- | Criminal Investigation Department |
| Form subdivision | Fiction. |
| 9 (RLIN) | 27364 |
| 650 #0 - SUBJECT ADDED ENTRY--TOPICAL TERM | |
| Topical term or geographic name entry element | Havers, Barbara (Fictitious character) |
| Form subdivision | Fiction. |
| 9 (RLIN) | 14294 |
| 650 #0 - SUBJECT ADDED ENTRY--TOPICAL TERM | |
| Topical term or geographic name entry element | Women detectives |
| Geographic subdivision | England |
| Form subdivision | Fiction. |
| 9 (RLIN) | 27365 |
| 650 #0 - SUBJECT ADDED ENTRY--TOPICAL TERM | |
| Topical term or geographic name entry element | Newspaper editors |
| Geographic subdivision | England |
| Form subdivision | Fiction. |
| 9 (RLIN) | 27366 |
| 650 #0 - SUBJECT ADDED ENTRY--TOPICAL TERM | |
| Topical term or geographic name entry element | Women politicians |
| Geographic subdivision | England |
| Form subdivision | Fiction. |
| 9 (RLIN) | 27367 |
| 650 #0 - SUBJECT ADDED ENTRY--TOPICAL TERM | |
| Topical term or geographic name entry element | Kidnapping |
| Form subdivision | Fiction. |
| 9 (RLIN) | 27368 |
| 650 #0 - SUBJECT ADDED ENTRY--TOPICAL TERM | |
| Topical term or geographic name entry element | Acknowledgment of children |
| Form subdivision | Fiction. |
| 9 (RLIN) | 27369 |
| 655 #7 - INDEX TERM--GENRE/FORM | |
| Genre/form data or focus term | Mystery fiction. |
| Source of term | gsafd |
| 9 (RLIN) | 5621 |
| 906 ## - LOCAL DATA ELEMENT F, LDF (RLIN) | |
| a | 7 |
| b | cbc |
| c | origcop |
| d | 2 |
| e | ncip |
| f | 20 |
| g | y-gencatlg |
| 942 ## - ADDED ENTRY ELEMENTS (KOHA) | |
| Source of classification or shelving scheme | |
| Koha item type | Book |
| Withdrawn status | Lost status | Source of classification or shelving scheme | Damaged status | Not for loan | Permanent Location | Current Location | Date acquired | Total Checkouts | Full call number | Barcode | Date last seen | Price effective from | Koha item type |
|---|---|---|---|---|---|---|---|---|---|---|---|---|---|
| School of Civil and Environmental Engineering (SCEE) | School of Civil and Environmental Engineering (SCEE) | 01/06/2020 | 813.54 GEO | NIT-9127 | 04/05/2022 | 01/06/2020 | Book |
